LEADER 00861nam0-22003011i-450- 001 990000494090403321 005 20080804100810.0 010 $a88-7081-308-8 035 $a000049409 035 $aFED01000049409 035 $a(Aleph)000049409FED01 035 $a000049409 100 $a20020821d1987----km-y0itay50------ba 101 1 $aita$cfre 105 $aa-------001yy 200 1 $aAnalisi e programmazione strutturata$eesercizi commentati$fJean-Pierre Laurent, Jacqueline Ayel 210 $aMilano$cTecniche Nuove$d©1987 215 $a175 p.$cill.$d24 cm 610 0 $aProgrammazione strutturata 676 $a005.1 700 1$aLaurent,$bJean Pierre 701 1$aAyel,$bJacqueline 801 0$aIT$bUNINA$gRICA$2UNIMARC 901 $aBK 912 $a990000494090403321 952 $a10 P.T. 500$b1388 DIS$fDINEL 959 $aDINEL 997 $aUNINA LEADER 01445nam a22003131i 4500 001 991000784979707536 005 20040202152328.0 008 040220s1986 it |||||||||||||||||ita 035 $ab12669994-39ule_inst 035 $aARCHE-066833$9ExL 040 $aDip.to Scienze pedagogiche$bita$cA.t.i. Arché s.c.r.l. Pandora Sicilia s.r.l. 082 04$a370.19 100 1 $aQuarta, Gaetano$0451323 245 10$aAdolescenza e scuola /$cGaetano Quarta 260 $a[Lecce] :$bOrantes,$c1986 300 $a1 v. ;$c24 cm 650 4$aAdolescenti$xPsicologia educativa 650 4$aApprendimento$xAdolescenza 650 4$aScuola$xDidattica 907 $a.b12669994$b02-04-14$c17-03-04 912 $a991000784979707536 945 $aLE022 MP 127 C 44$g1$i2022000194143$lle022$o-$pE0.00$q-$rl$s- $t0$u0$v0$w0$x0$y.i1317860x$z17-03-04 945 $aLE022 MP 127 C 44 bis$g2$i2022000194174$lle022$o-$pE0.00$q-$rl$s- $t0$u1$v0$w1$x0$y.i13178611$z17-03-04 945 $aLE022 MP 127 C 44 ter$g3$i2022000194204$lle022$o-$pE0.00$q-$rl$s- $t0$u1$v0$w1$x0$y.i13178623$z17-03-04 945 $aLE022 MP 127 C 44 quater$g4$i2022000194587$lle022$o-$pE0.00$q-$rl$s- $t0$u0$v0$w0$x0$y.i13178635$z17-03-04 945 $aLE022 MP 127 C 44 quinquies$g5$i2022000194747$lle022$o-$pE0.00$q-$rl$s- $t0$u0$v0$w0$x0$y.i13178647$z17-03-04 996 $aAdolescenza e scuola$9273871 997 $aUNISALENTO 998 $ale022$b17-03-04$cm$da $e-$fita$git $h0$i5